[Event "Detroit (MOR/1a/5)"]
[Site "?"]
[Date "1994.??.??"]
[Round "?"]
[White "Lerner, S."]
[Black "Ruhlmann, Max"]
[Result "1-0"]
[WhiteElo "1605"]
[BlackElo "1755"]
[PlyCount "79"]
[EventDate "1994.??.??"]

1. d4 Nf6 2. c4 c5 3. Nf3 cxd4 4. Nxd4 e5 5. Nb3 Nc6 6. Nc3 Bb4 7. Bd2 a5 8. a3
Be7 9. Bg5 a4 10. Nd2 Qb6 11. Rb1 Ng4 12. Be3 Nxe3 13. fxe3 O-O 14. Nd5 Qd8 15.
Nxe7+ Qxe7 16. Nf3 Qc5 17. Qd3 d6 18. Qd5 Be6 19. Qxc5 dxc5 20. Rc1 Rfd8 21. g3
f6 22. Bg2 Na5 23. Nd2 Rd6 24. Be4 Rad8 25. Bd3 f5 26. e4 f4 27. Nf3 Nc6 28.
Kf2 Rf8 29. Kg2 Bg4 30. Rcd1 fxg3 31. hxg3 Bxf3+ 32. exf3 Rdf6 33. Be2 Nd4 34.
Rd2 Nxf3 35. Bxf3 Rxf3 36. Rh5 Re3 37. Rxe5 Rff3 38. Rf5 Rxg3+ 39. Kf2 Rh3 40.
Rd8# 1-0

[Event "Detroit (MOR/3/46)"]
[Site "?"]
[Date "1994.??.??"]
[Round "?"]
[White "Lerner, S."]
[Black "Calugaru, P."]
[Result "0-1"]
[WhiteElo "1605"]
[BlackElo "1605"]
[PlyCount "68"]
[EventDate "1994.??.??"]

{3/(46)} 1. d4 d5 2. c4 e6 3. Nc3 c6 4. Qc2 dxc4 5. Nf3 Nf6 6. e4 b5 7. a3 Be7
8. Be2 O-O 9. O-O Nbd7 10. Bf4 Bb7 11. e5 Nd5 12. Bd2 Nxc3 13. bxc3 c5 14. Rfd1
a6 15. Be3 Qc7 16. Bf4 h6 17. Ne1 cxd4 18. cxd4 Bd5 19. Bf3 Bxf3 20. Nxf3 Nb6
21. Bd2 Nd5 22. Rdc1 Rfc8 23. Bc3 a5 24. Bd2 c3 25. Be3 Rab8 26. a4 b4 27. Rab1
Qc4 28. Rb3 Nb6 29. Ra1 Qc6 30. Rbb1 Nc4 31. Rc1 b3 32. Qxc3 b2 33. Rab1
bxc1=Q+ 34. Rxc1 Qxa4 0-1

[Event "Detroit (MOR/5/45)"]
[Site "?"]
[Date "1994.??.??"]
[Round "?"]
[White "Lerner, S."]
[Black "Biondo, Albert"]
[Result "1-0"]
[WhiteElo "1605"]
[BlackElo "1605"]
[PlyCount "165"]
[EventDate "1994.??.??"]

{5/(45)} 1. d4 d5 2. Nc3 Nf6 3. e4 dxe4 4. Bc4 e6 5. Bg5 Be7 6. Nge2 c5 7. dxc5
Qxd1+ 8. Rxd1 Bxc5 9. Bxf6 gxf6 10. Nxe4 Be7 11. O-O a6 12. Nf4 b5 13. Bd3 Nc6
14. Nh5 f5 15. Nef6+ Kf8 16. c3 Bb7 17. Be2 Ne5 18. Nd7+ Nxd7 19. Rxd7 Bd5 20.
Bf3 Ke8 21. Bxd5 Kxd7 22. Bxa8 Rxa8 23. Rd1+ Ke8 24. Nf4 Bg5 25. Ne2 Ke7 26.
Nd4 Rc8 27. g3 Kf6 28. Nf3 b4 29. Nxg5 Kxg5 30. cxb4 Rc2 31. Rb1 Kg4 32. Kg2 f4
33. gxf4 Kxf4 34. a4 Rc4 35. b5 Rxa4 36. bxa6 Rxa6 37. b4 e5 38. b5 Rg6+ 39.
Kf1 Rb6 40. Rb4+ e4 41. Ke2 f5 42. Rb3 Ke5 43. Ke3 f4+ 44. Ke2 Kd5 45. Rb4 h5
46. h4 Kc5 47. Rb3 Kd4 48. Rb4+ Kd5 49. Kd2 Rd6 50. Ke2 Rb6 51. f3 exf3+ 52.
Kxf3 Ke5 53. Re4+ Kd5 54. Kxf4 Rg6 55. Re5+ Kd6 56. Rxh5 Rf6+ 57. Rf5 Rh6 58.
Kg5 Rh8 59. Rf6+ Kc7 60. h5 Rg8+ 61. Rg6 Rd8 62. b6+ Kb7 63. h6 Rd5+ 64. Kf4
Rh5 65. Re6 Kb8 66. Kg4 Rh1 67. Kf5 Kb7 68. Kg6 Rg1+ 69. Kh7 Rg5 70. Rg6 Rd5
71. Kg7 Rd7+ 72. Kf6 Rh7 73. Rg7+ Rxg7 74. hxg7 Kxb6 75. g8=Q Kc5 76. Qg5+ Kd6
77. Kf7 Kc6 78. Ke7 Kc7 79. Qc5+ Kb7 80. Kd7 Ka6 81. Qb4 Ka7 82. Kc7 Ka6 83.
Qb6# 1-0

[Event "Detroit (MI Op/3/43)"]
[Site "?"]
[Date "1994.??.??"]
[Round "?"]
[White "Leighton, George"]
[Black "Smith, Ed"]
[Result "1-0"]
[WhiteElo "1895"]
[BlackElo "1825"]
[PlyCount "97"]
[EventDate "1994.??.??"]

{3/(43)} 1. d4 f5 2. e4 fxe4 3. Nc3 Nf6 4. Bg5 g6 5. Bxf6 exf6 6. Nxe4 d5 7.
Ng3 Be6 8. Bd3 c6 9. N1e2 Nd7 10. O-O Qc7 11. c3 O-O-O 12. b4 Nb6 13. a4 f5 14.
f4 h5 15. Rf3 h4 16. Nf1 Nc4 17. Qc1 Bd6 18. Qc2 Kd7 19. Nd2 Nxd2 20. Qxd2 b6
21. Kh1 Rdf8 22. Raf1 Rf6 23. Ng1 Bf7 24. Nh3 Bg8 25. Ng5 Rf8 26. Qf2 Be7 27.
Rh3 Bxg5 28. fxg5 Be6 29. Rxh4 Qb8 30. Rxh8 Rxh8 31. g3 b5 32. axb5 cxb5 33.
Qf4 a6 34. Qxb8 Rxb8 35. Ra1 Rc8 36. Rxa6 Rxc3 37. Bxb5+ Ke7 38. Ra7+ Kf8 39.
Bd7 Bxd7 40. Rxd7 Rc4 41. Rxd5 Rxb4 42. Rd6 Kf7 43. h4 Rb2 44. Rf6+ Kg7 45. d5
Rd2 46. d6 Kh7 47. Re6 Kg7 48. Rf6 Kh7 49. Kg1 1-0

[Event "Detroit (MI Op/1a/11)"]
[Site "?"]
[Date "1994.??.??"]
[Round "?"]
[White "Leighton, George"]
[Black "Everett, Morgan"]
[Result "0-1"]
[WhiteElo "1895"]
[BlackElo "2150"]
[PlyCount "78"]
[EventDate "1994.??.??"]

1. d4 Nf6 2. c4 c5 3. d5 e6 4. Nc3 exd5 5. cxd5 d6 6. Nf3 g6 7. Bg5 Bg7 8. Qd2
h6 9. Bh4 O-O 10. e3 a6 11. Bd3 b5 12. a3 Nbd7 13. O-O Qe7 14. Rfe1 g5 15. Bg3
Nh5 16. e4 Nxg3 17. hxg3 Ne5 18. Nxe5 Qxe5 19. Rab1 Bd7 20. Ne2 Rfe8 21. f4 Qf6
22. Rf1 Bg4 23. fxg5 Qxg5 24. Qxg5 hxg5 25. Rf2 Be5 26. Kh2 Kg7 27. Ng1 Rh8+
28. Nh3 c4 29. Bf1 Bd7 30. Kg1 g4 31. Nf4 Bd4 32. b3 Rh6 33. bxc4 Rah8 34. Nh3
gxh3 35. gxh3 Bxh3 36. cxb5 Bxf1 37. Rbxf1 axb5 38. Kg2 Rh2+ 39. Kf3 Rxf2+ 0-1

[Event "Flint (MI Ch Spon/4)"]
[Site "?"]
[Date "1994.??.??"]
[Round "?"]
[White "Leaman, P."]
[Black "Seibert, T."]
[Result "1-0"]
[WhiteElo "1605"]
[BlackElo "1605"]
[PlyCount "113"]
[EventDate "1994.??.??"]

1. e4 e5 2. Nf3 Bc5 3. Nc3 d6 4. d3 c6 5. Be2 d5 6. exd5 cxd5 7. Nxe5 Qf6 8.
Nf3 Bb4 9. Bd2 Be6 10. O-O Nc6 11. Re1 O-O-O 12. Bg5 Qg6 13. Bxd8 Kxd8 14. Rb1
Qh6 15. a3 Bd6 16. g3 Nf6 17. Qd2 Qh3 18. Ng5 Qh6 19. Nxe6+ fxe6 20. Qxh6 gxh6
21. Bf3 Rf8 22. Rxe6 Ne8 23. Bxd5 Nd4 24. Rxh6 Bc5 25. Rxh7 Nf6 26. Rf7 Nxd5
27. Rxf8+ Bxf8 28. Nxd5 Nf3+ 29. Kg2 Ne5 30. h4 Ng4 31. f3 Ne5 32. g4 Kd7 33.
Kg3 Bd6 34. f4 Nf7 35. Re1 Kc6 36. Ne7+ Kc5 37. g5 b6 38. g6 Nh6 39. g7 Bxe7
40. Rxe7 Nf5+ 41. Kg4 Nxe7 42. h5 Ng8 43. Kg5 Kd6 44. h6 Ke7 45. h7 Nf6 46.
g8=Q Nxg8 47. hxg8=Q Kd7 48. Qg7+ Kc6 49. Qxa7 b5 50. d4 Kd5 51. Qc5+ Ke4 52.
Qe5+ Kf3 53. f5 Kg2 54. Qe3 Kf1 55. Qd2 b4 56. Kg4 bxa3 57. Kf3 1-0

[Event "Flint (MI Ch Spon/2)"]
[Site "?"]
[Date "1994.??.??"]
[Round "?"]
[White "Leaman, P."]
[Black "Rains, M."]
[Result "1-0"]
[WhiteElo "1605"]
[BlackElo "1605"]
[PlyCount "39"]
[EventDate "1994.??.??"]

1. e4 e5 2. Nf3 Nf6 3. Nc3 Nc6 4. Bb5 Nd4 5. Be2 d5 6. exd5 Nxd5 7. Nxd5 Qxd5
8. O-O Nxe2+ 9. Qxe2 Bd6 10. d4 e4 11. Re1 Bf5 12. c4 Qe6 13. Ng5 Qf6 14. Nxe4
O-O 15. Nxf6+ gxf6 16. Qf3 Be6 17. a3 Bxc4 18. Bh6 Rfd8 19. Qg4+ Kh8 20. Qg7#
1-0

[Event "Detroit (MOR/5/40)"]
[Site "?"]
[Date "1994.??.??"]
[Round "?"]
[White "Leaman, P."]
[Black "Nikitin, M."]
[Result "0-1"]
[WhiteElo "1605"]
[BlackElo "1605"]
[PlyCount "86"]
[EventDate "1994.??.??"]

{5/(40)} 1. e4 e6 2. Nc3 d5 3. exd5 exd5 4. d4 Nf6 5. Nf3 g6 6. Be2 Bg7 7. O-O
O-O 8. h3 Be6 9. Bg5 Qd7 10. Ne5 Qc8 11. Bxf6 Bxf6 12. Bg4 Nd7 13. Bxe6 fxe6
14. Ng4 Bg7 15. Re1 Nf6 16. Qe2 Re8 17. Rad1 Qd7 18. Qf3 Rf8 19. Nxf6+ Rxf6 20.
Qe3 a6 21. Re2 Re8 22. Rde1 c6 23. Qg5 Qf7 24. Qd2 Bf8 25. a3 Bd6 26. Nd1 Bb8
27. c3 Qc7 28. g3 Qd6 29. Qg5 Qf8 30. Qe3 Qf7 31. b4 Kg7 32. Kg2 Bc7 33. Rf1
Rf8 34. Nb2 Rf3 35. Qc1 Bxg3 36. Nd3 Bd6 37. Qd2 Qf5 38. Rh1 Rxd3 39. Qc1 Qf3+
40. Kg1 Qxe2 41. Qf1 Rd1 42. Qxd1 Qxd1+ 43. Kg2 Qf3+ 0-1

[Event "Detroit (MOR/2/26)"]
[Site "?"]
[Date "1994.??.??"]
[Round "?"]
[White "Leaman, P."]
[Black "Foord, Allan"]
[Result "0-1"]
[WhiteElo "1605"]
[BlackElo "1650"]
[PlyCount "74"]
[EventDate "1994.??.??"]

{2/(26)} 1. e4 c5 2. Nc3 d6 3. Nf3 Nc6 4. Bb5 Bd7 5. O-O Nf6 6. b3 a6 7. Be2 e6
8. Re1 Be7 9. Bb2 O-O 10. d3 b5 11. a3 Qc7 12. Qd2 Rac8 13. Bf1 Rfd8 14. Nd1
Ng4 15. h3 Nge5 16. Qf4 Bf6 17. Nd2 Nd4 18. Be2 Nxc2 19. Rf1 Nxa1 20. Bxa1 Ng6
21. Qf3 Bxa1 22. Ne3 Bd4 23. Ng4 Bc6 24. Qg3 d5 25. Qf3 Nh4 26. Nh6+ gxh6 27.
Qg4+ Ng6 28. h4 Kh8 29. h5 Nf4 30. Nf3 Nxe2+ 31. Kh1 dxe4 32. Nxd4 Nxd4 33.
dxe4 Rg8 34. Qh4 Qe5 35. f4 Qg7 36. Rf2 Bxe4 37. Qh3 Qg3 0-1

[Event "Detroit (MOR/6/51)"]
[Site "?"]
[Date "1994.??.??"]
[Round "?"]
[White "Leaman, P."]
[Black "Arwashan, N."]
[Result "1-0"]
[WhiteElo "1605"]
[BlackElo "1605"]
[PlyCount "93"]
[EventDate "1994.??.??"]

{6/(51)} 1. e4 e5 2. Nf3 Nc6 3. Bb5 Nd4 4. Nxd4 exd4 5. Bc4 Bc5 6. Qh5 g6 7.
Qxc5 Qf6 8. d3 Ne7 9. Bg5 Qd6 10. Qxd6 cxd6 11. Bxe7 Kxe7 12. Nd2 b6 13. Nf3
Re8 14. Nxd4 f5 15. O-O fxe4 16. Rfe1 Kd8 17. Rxe4 Rf8 18. Bd5 Rb8 19. Nb5 Rf5
20. c4 Ba6 21. Nxd6 Rf8 22. Rc1 Kc7 23. Nb5+ Kd8 24. Ree1 Rc8 25. Be4 Rc5 26.
a4 Re5 27. f3 Rfe8 28. Nd6 R8e7 29. Kf2 R5e6 30. Nb5 g5 31. g4 h5 32. h3 hxg4
33. hxg4 Rh6 34. Rh1 Rh4 35. Rxh4 gxh4 36. Rh1 d5 37. Bxd5 Rh7 38. Nd6 Ke7 39.
Nf5+ Kf6 40. Rxh4 Rc7 41. Bc6 Bc8 42. Be4 Bd7 43. Rh7 Ke6 44. Ng3 Rc5 45. Bf5+
Kf6 46. Ne4+ Ke5 47. Nxc5 1-0

[Event "Detroit (MOR/2/53)"]
[Site "?"]
[Date "1994.??.??"]
[Round "?"]
[White "Leaf, J."]
[Black "Salami, Samer"]
[Result "0-1"]
[WhiteElo "1605"]
[BlackElo "1605"]
[PlyCount "42"]
[EventDate "1994.??.??"]

{2/(53)} 1. e4 e5 2. Nf3 Nc6 3. Nc3 Bc5 4. Bc4 Nf6 5. d3 h6 6. O-O d6 7. Re1
Bg4 8. h3 Bh5 9. b3 Nd4 10. Nxd4 Bxd1 11. Bb5+ c6 12. Nxc6 bxc6 13. Bxc6+ Nd7
14. Bxa8 Qxa8 15. Rxd1 Bd4 16. Nd5 Qc6 17. Rb1 Qxc2 18. Ba3 Bxf2+ 19. Kh1 Bc5
20. Ne3 Bxe3 21. Bc1 Qxd1+ 0-1

[Event "Detroit (MOR/7/47)"]
[Site "?"]
[Date "1994.??.??"]
[Round "?"]
[White "Leaf, J."]
[Black "Melton, J."]
[Result "0-1"]
[WhiteElo "1605"]
[BlackElo "1605"]
[PlyCount "66"]
[EventDate "1994.??.??"]

{7/(47)} 1. e4 e5 2. Nf3 Nc6 3. Nc3 Nf6 4. Bc4 d6 5. h3 a6 6. O-O Nd4 7. Nxd4
exd4 8. Nd5 b5 9. Nxf6+ Qxf6 10. Bd3 Be7 11. Qf3 Qxf3 12. gxf3 Bb7 13. Re1 O-O
14. e5 dxe5 15. Rxe5 Bd6 16. Rf5 g6 17. Rf6 Kg7 18. Rxd6 cxd6 19. Be4 Bxe4 20.
fxe4 Rae8 21. d3 f5 22. Bf4 fxe4 23. Bxd6 Rf5 24. dxe4 Rxe4 25. Kg2 Re2 26. Rf1
Rxc2 27. Kg3 d3 28. Bf4 Rxb2 29. Rd1 Rd5 30. Kf3 Rxa2 31. Ke3 g5 32. Bg3 b4 33.
Rb1 a5 0-1

[Event "Detroit (MOR/4/69)"]
[Site "?"]
[Date "1994.??.??"]
[Round "?"]
[White "Leaf, J."]
[Black "Fuson, G."]
[Result "1-0"]
[WhiteElo "1605"]
[BlackElo "1605"]
[PlyCount "44"]
[EventDate "1994.??.??"]

{4/(69)} 1. d4 d5 2. e3 e6 3. Bd3 Nf6 4. Nd2 Bd6 5. f4 Nbd7 6. Ngf3 O-O 7. g4
Nxg4 8. Ne5 Bxe5 9. fxe5 Nxe3 10. Qh5 g6 11. Bxg6 fxg6 12. Qh6 Nxc2+ 13. Kd1
Nxa1 14. Rg1 Qe7 15. Rg3 Qg7 16. Rh3 Qxh6 17. Rxh6 Rf4 18. Nb3 Nxb3 19. Bxf4
Nxd4 20. Be3 Nf5 21. Rh3 Nxe3+ 22. Rxe3 Nb6 1-0

[Event "Romulus (RVO/2/18)"]
[Site "?"]
[Date "1994.??.??"]
[Round "?"]
[White "Lauer, R."]
[Black "Whitworth, M."]
[Result "0-1"]
[WhiteElo "1605"]
[BlackElo "1630"]
[PlyCount "70"]
[EventDate "1994.??.??"]

{2/(18)} 1. Nf3 Nf6 2. g3 d5 3. Bg2 Nc6 4. O-O e5 5. d3 Bd6 6. b3 Bd7 7. Bb2 h5
8. e3 Bg4 9. Qe1 Qd7 10. Nbd2 O-O-O 11. Ng5 h4 12. Rb1 hxg3 13. fxg3 Rh5 14. h4
Rf8 15. a3 Ne7 16. c4 Nf5 17. e4 dxe4 18. Ndxe4 Nxe4 19. Nxe4 Nd4 20. Bxd4 exd4
21. c5 Bxc5 22. Nxc5 Rxc5 23. Qb4 b6 24. Rbc1 a5 25. Qd2 Rxc1 26. Rxc1 Qd6 27.
Kh2 Re8 28. Qg5 f5 29. Qxg7 Re2 30. Rc6 Rxg2+ 31. Kxg2 Qxc6+ 32. Kh2 Qc2+ 33.
Kg1 Qd1+ 34. Kh2 Qe2+ 35. Kg1 Bf3 0-1

[Event "Detroit (MCO/C/7/5)"]
[Site "?"]
[Date "1994.??.??"]
[Round "?"]
[White "Lauer, R."]
[Black "Wheeler, R."]
[Result "0-1"]
[WhiteElo "1605"]
[BlackElo "1605"]
[PlyCount "82"]
[EventDate "1994.??.??"]

{7/(5)} 1. Nf3 d5 2. g3 Nc6 3. Bg2 e5 4. d3 Bc5 5. O-O Nge7 6. a3 O-O 7. b4 Bd6
8. Bb2 d4 9. c4 dxc3 10. Bxc3 a6 11. Nbd2 h6 12. Qb3 Be6 13. Qb2 Ng6 14. Rad1
Qd7 15. Nc4 f6 16. Qc2 Bf5 17. e4 Bh3 18. d4 Bxg2 19. Kxg2 b5 20. Nxd6 cxd6 21.
Qb2 Qg4 22. Nd2 Kh8 23. f3 Qd7 24. dxe5 dxe5 25. Nc4 Qc7 26. Ne3 Rad8 27. Nf5
Nge7 28. Nxe7 Qxe7 29. Qc2 Qa7 30. f4 Rxd1 31. Rxd1 exf4 32. gxf4 Rd8 33. Re1
Qc7 34. e5 fxe5 35. Bxe5 Qb7 36. Qe4 Qb6 37. Rg1 Nxe5 38. fxe5 Rd4 39. Qe3 Rg4+
40. Qg3 Rxg3+ 41. hxg3 Qe3 0-1

[Event "Detroit (MCO/C/5/4)"]
[Site "?"]
[Date "1994.??.??"]
[Round "?"]
[White "Lauer, R."]
[Black "Solski, Jeff"]
[Result "1-0"]
[WhiteElo "1605"]
[BlackElo "1605"]
[PlyCount "57"]
[EventDate "1994.??.??"]

{5/(4)} 1. Nf3 c5 2. g3 e6 3. Bg2 d5 4. d3 Nf6 5. O-O Nc6 6. Bf4 Bd6 7. e3 h6
8. d4 c4 9. a3 g5 10. Bxd6 Qxd6 11. Nc3 Bd7 12. Nb5 Qb8 13. Nd2 Ne7 14. Nc3 h5
15. e4 Bc6 16. Qf3 Rh6 17. Rfe1 Ng4 18. exd5 Rf6 19. Qe4 Nxd5 20. Nxd5 Rxf2 21.
Nxc4 Rxg2+ 22. Qxg2 Bxd5 23. Qxd5 Qc7 24. c3 Rd8 25. Qb5+ Kf8 26. Qxg5 Rd5 27.
Ne5 Qb6 28. Qxh5 Rxd4 29. Qxf7# 1-0

[Event "Detroit (MCO/C/3b/4)"]
[Site "?"]
[Date "1994.??.??"]
[Round "?"]
[White "Lauer, R."]
[Black "Raupp, Kenneth A"]
[Result "1-0"]
[WhiteElo "1605"]
[BlackElo "1605"]
[PlyCount "52"]
[EventDate "1994.??.??"]

1. Nf3 e6 2. g3 f5 3. Bg2 d5 4. d3 Nf6 5. Nbd2 c6 6. O-O Bd6 7. b3 Nbd7 8. Bb2
O-O 9. c4 Qe7 10. Re1 Re8 11. e4 fxe4 12. cxd5 exd5 13. dxe4 dxe4 14. Ng5 Nc5
15. Ndxe4 Ncxe4 16. Bxf6 Qxf6 17. Nxe4 Qf8 18. Qxd6 Qf5 19. Qc7 Qg6 20. Nd6 Rf8
21. Nxc8 Raxc8 22. Qxb7 Qc2 23. Qxa7 Rxf2 24. Qxf2 Qc3 25. Rac1 Qa5 26. Rxc6
Qd8 1-0

[Event "Detroit (MCO/C/2b/5)"]
[Site "?"]
[Date "1994.??.??"]
[Round "?"]
[White "Lauer, R."]
[Black "Hartwig, Thomas"]
[Result "0-1"]
[WhiteElo "1605"]
[BlackElo "1605"]
[PlyCount "86"]
[EventDate "1994.??.??"]

1. Nf3 d5 2. g3 Bg4 3. Bg2 Bxf3 4. Bxf3 e5 5. d3 Bb4+ 6. c3 Bc5 7. O-O Nc6 8.
b4 Bb6 9. a4 a6 10. Qb3 Nge7 11. Bg5 h6 12. Be3 Bxe3 13. fxe3 Qd6 14. c4 Qxb4
15. Qxb4 Nxb4 16. cxd5 Nbxd5 17. Nd2 Nxe3 18. Rfb1 N3d5 19. Rxb7 Kd7 20. Rc1
Rhb8 21. Rb3 Rxb3 22. Nxb3 c6 23. d4 exd4 24. Nxd4 Kd6 25. e4 c5 26. Nf5+ Nxf5
27. exf5 Re8 28. Rd1 Re5 29. g4 h5 30. h3 hxg4 31. hxg4 c4 32. Kf2 Kc5 33. Be2
Nc3 34. Re1 Rxe2+ 35. Rxe2 Nxe2 36. Kxe2 Kb4 37. a5 Kxa5 38. Kd2 Kb4 39. Kc2 a5
40. Kb2 c3+ 41. Ka2 Ka4 42. Kb1 Kb3 43. Ka1 c2 0-1

[Event "Romulus (RVO/4/29)"]
[Site "?"]
[Date "1994.??.??"]
[Round "?"]
[White "Lauer, R."]
[Black "Fuson, G."]
[Result "1-0"]
[WhiteElo "1605"]
[BlackElo "1605"]
[PlyCount "33"]
[EventDate "1994.??.??"]

{4/(29)} 1. e4 e5 2. f4 Nc6 3. Nf3 Nf6 4. Nc3 d6 5. Bb5 Bg4 6. O-O Qd7 7. Qe1
a6 8. fxe5 axb5 9. exf6 gxf6 10. Nxb5 Bxf3 11. Rxf3 Nd4 12. Nxd4 O-O-O 13. d3
c6 14. Rxf6 Be7 15. Rxf7 Rhf8 16. Rxh7 c5 17. Nf5 1-0

[Event "Detroit (MCO/C/2a/7)"]
[Site "?"]
[Date "1994.??.??"]
[Round "?"]
[White "Lauer, R."]
[Black "Cooper, Willie"]
[Result "0-1"]
[WhiteElo "1605"]
[BlackElo "1605"]
[PlyCount "84"]
[EventDate "1994.??.??"]

1. Nf3 d5 2. d3 Nf6 3. g3 Nc6 4. Bg2 e5 5. Nc3 Be7 6. O-O O-O 7. e4 d4 8. Ne2
Nh5 9. a3 f5 10. b4 a6 11. Bb2 f4 12. c4 b5 13. Kh1 fxg3 14. Nxg3 Nf4 15. Rg1
Nxg2 16. Rxg2 Bg4 17. Nf5 Bxf5 18. exf5 Rxf5 19. Qe2 Qf8 20. Nd2 Bg5 21. Rag1
h6 22. Ne4 Qf7 23. Nxg5 Rxg5 24. Rxg5 hxg5 25. Rxg5 Rf8 26. Kg2 Nd8 27. Rxe5
bxc4 28. dxc4 Qg6+ 29. Kf1 d3 30. Qd2 Ne6 31. Re3 Rd8 32. Rg3 Qe4 33. f3 Rf8
34. Kg2 Qxc4 35. Rg4 Qc2 36. Qxc2 dxc2 37. Rc4 Nf4+ 38. Kf1 Nd3 39. Rxc2 Rxf3+
40. Ke2 Rh3 41. Rxc7 Nxb2 42. Rc2 Rxh2+ 0-1

[Event "Detroit (MI Op/1a/26)"]
[Site "?"]
[Date "1994.??.??"]
[Round "?"]
[White "Lang, J."]
[Black "Thurman, John"]
[Result "1-0"]
[WhiteElo "2000"]
[BlackElo "1755"]
[PlyCount "67"]
[EventDate "1994.??.??"]

1. Nf3 Nf6 2. c4 e6 3. Nc3 d5 4. d4 Nbd7 5. e3 Bb4 6. Bd3 O-O 7. O-O Bxc3 8.
bxc3 dxc4 9. Bxc4 Ne4 10. Qc2 Ndf6 11. a4 b6 12. Ne5 Bb7 13. f3 Nd6 14. Bd3 c5
15. e4 Rc8 16. Qa2 cxd4 17. cxd4 h6 18. Bb2 Rc7 19. Rad1 Qa8 20. Rfe1 Nd7 21.
Ba3 Nxe5 22. dxe5 Nxe4 23. fxe4 Rfc8 24. Bd6 Rc3 25. Qb2 a6 26. Bb4 R3c6 27.
Qf2 Qa7 28. a5 Ba8 29. Rf1 Qb7 30. Bxa6 Qxa6 31. Qxf7+ Kh7 32. Rd7 Rg8 33. Bf8
Qe2 34. Bxg7 1-0

[Event "Detroit (MI Op/4/11)"]
[Site "?"]
[Date "1994.??.??"]
[Round "?"]
[White "Lang, J."]
[Black "Mazuchowski, Tom"]
[Result "1-0"]
[WhiteElo "2000"]
[BlackElo "2195"]
[PlyCount "57"]
[EventDate "1994.??.??"]

{4/(11)} 1. d4 Nf6 2. c4 e5 3. dxe5 Ne4 4. Nf3 Bb4+ 5. Bd2 Nxd2 6. Nbxd2 Bf8 7.
Qc2 Nc6 8. a3 Qe7 9. Qc3 a5 10. Ne4 h6 11. h3 b6 12. e3 Bb7 13. Bd3 a4 14. O-O
Rg8 15. Rac1 Ra5 16. c5 bxc5 17. Rfd1 Qd8 18. Ned2 g5 19. Nc4 g4 20. hxg4 Rxg4
21. Bf5 Nd4 22. exd4 Rxg2+ 23. Kf1 cxd4 24. Rxd4 Bc5 25. Rxd7 Rxf2+ 26. Ke1
Bxf3 27. Rxd8+ Kxd8 28. Qd3+ Ke7 29. Nxa5 1-0

[Event "Detroit (MI Op/3/25)"]
[Site "?"]
[Date "1994.??.??"]
[Round "?"]
[White "Lang, J."]
[Black "Key_Smith, G."]
[Result "1-0"]
[WhiteElo "2000"]
[BlackElo "1805"]
[PlyCount "51"]
[EventDate "1994.??.??"]

{3/(25)} 1. Nf3 Nf6 2. d4 g6 3. c4 Bg7 4. Nc3 O-O 5. e4 d6 6. Be2 Nbd7 7. O-O
e5 8. Bg5 h6 9. Be3 Ng4 10. Bc1 Kh7 11. b4 Rg8 12. d5 Nf8 13. h3 Nf6 14. Ne1
Ne8 15. Be3 f5 16. f3 f4 17. Bf2 Bf6 18. Nd3 Bh4 19. Qe1 g5 20. a4 Rg6 21. a5
Nf6 22. Ra3 Nh5 23. Qd2 Ng3 24. Rc1 h5 25. c5 g4 26. fxg4 {[Remainder
illegible; 1-0, 37?]} 1-0

[Event "Detroit (MI Op/7/21)"]
[Site "?"]
[Date "1994.??.??"]
[Round "?"]
[White "Lang, J."]
[Black "Jendras, Gerard"]
[Result "0-1"]
[WhiteElo "2000"]
[BlackElo "1840"]
[PlyCount "115"]
[EventDate "1994.??.??"]

{7/(21)} 1. d4 Nf6 2. c4 c5 3. Nf3 g6 4. Nc3 Bg7 5. e3 O-O 6. Be2 cxd4 7. exd4
d5 8. h3 a6 9. a4 Nc6 10. O-O h6 11. Be3 Be6 12. c5 Nd7 13. Qd2 Kh7 14. b3 Nxc5
15. dxc5 d4 16. Nxd4 Nxd4 17. Bxd4 Bxd4 18. Bc4 Bxc4 19. bxc4 Bxc5 20. Qc2 e6
21. Ne4 Be7 22. Rab1 Qc7 23. a5 f5 24. Nd2 Rab8 25. Rb6 e5 26. Rfb1 Bc5 27. Re6
Rbe8 28. Rxe8 Rxe8 29. Nb3 Bb4 30. c5 Re7 31. Ra1 Qc6 32. Qc4 Qb5 33. Qxb5 axb5
34. a6 bxa6 35. Rxa6 Rc7 36. c6 Bd6 37. Kf1 Kg7 38. Ke2 Kf6 39. Kd3 Ke6 40. Kc3
Kd5 41. Na5 e4 42. Rb6 b4+ 43. Kb3 f4 44. Rb5+ Bc5 45. Rb7 Rxb7 46. cxb7 Bd6
47. Nc4 Bc7 48. Kxb4 Kd4 49. Kb3 Kd3 50. Nb6 e3 51. fxe3 fxe3 52. Nd5 e2 53.
Nb4+ Kd2 54. Nc2 e1=Q 55. Nxe1 Kxe1 56. Kc4 Kf2 57. Kd5 Kxg2 58. Ke6 0-1

[Event "Eastpointe (MI Action/3/6)"]
[Site "?"]
[Date "1994.??.??"]
[Round "?"]
[White "LaMar, Frank"]
[Black "Walker, LeRoy"]
[Result "1-0"]
[WhiteElo "2120"]
[BlackElo "1875"]
[PlyCount "51"]
[EventDate "1994.??.??"]

{3/(6)} 1. e4 c5 2. d4 cxd4 3. c3 dxc3 4. Nxc3 Nc6 5. Bc4 e6 6. Nf3 Qc7 7. Qe2
Nf6 8. Bg5 Ng4 9. Rc1 a6 10. h3 Nge5 11. Nxe5 Qxe5 12. f4 Qa5 13. O-O Nd4 14.
Qg4 f5 15. Qh4 Qc5 16. Kh1 Qxc4 17. Nd5 Qxf1+ 18. Rxf1 exd5 19. exd5 Kf7 20.
Re1 b5 21. Qh5+ g6 22. Qh4 Rg8 23. Bf6 Ne6 24. dxe6+ dxe6 25. Bd8 Bd7 26. Rd1
1-0

[Event "Eastpointe (MI Action/1/7)"]
[Site "?"]
[Date "1994.??.??"]
[Round "?"]
[White "LaMar, Frank"]
[Black "Hartwig, Thomas"]
[Result "1-0"]
[WhiteElo "2120"]
[BlackElo "1605"]
[PlyCount "43"]
[EventDate "1994.??.??"]

{1/(7)} 1. e4 c5 2. d4 cxd4 3. c3 d5 4. Qxd4 dxe4 5. Qxe4 Nf6 6. Qc2 g6 7. Bc4
Bf5 8. Qb3 e6 9. Qxb7 Be4 10. Bb5+ Nbd7 11. Bxd7+ Qxd7 12. Qxd7+ Kxd7 13. f3
Bd5 14. Ne2 Bc5 15. Bf4 Nh5 16. Be5 f6 17. Bd4 Bxd4 18. cxd4 Bc4 19. Nbc3 e5
20. dxe5 Rhe8 21. exf6 Nf4 22. O-O-O+ 1-0

[Event "Eastpointe (MI Action/6/3)"]
[Site "?"]
[Date "1994.??.??"]
[Round "?"]
[White "LaMar, Frank"]
[Black "Gabbara, Faris"]
[Result "1-0"]
[WhiteElo "2120"]
[BlackElo "2170"]
[PlyCount "53"]
[EventDate "1994.??.??"]

{6/(3)} 1. e4 d5 2. exd5 Nf6 3. Nf3 Nxd5 4. Bc4 Bg4 5. O-O e6 6. Re1 Be7 7. h3
Bh5 8. d4 O-O 9. c3 Nc6 10. Be3 Na5 11. Bd3 c5 12. Nbd2 Nxe3 13. fxe3 Rc8 14.
Qc2 Bg6 15. Bxg6 hxg6 16. Rad1 cxd4 17. exd4 Qb6 18. Kh1 Rfd8 19. Ne4 Nc4 20.
b3 Nd6 21. c4 Nf5 22. Qf2 a5 23. g4 Nh6 24. Ne5 Bb4 25. Rf1 f5 26. g5 fxe4 27.
gxh6 1-0

[Event "Eastpointe (MI Action/5/5)"]
[Site "?"]
[Date "1994.??.??"]
[Round "?"]
[White "LaMar, Frank"]
[Black "Calton, David A"]
[Result "1-0"]
[WhiteElo "2120"]
[BlackElo "1880"]
[PlyCount "59"]
[EventDate "1994.??.??"]

{5/(5)} 1. e4 d6 2. d4 g6 3. Bc4 Bg7 4. Nf3 Nc6 5. O-O e5 6. Bg5 f6 7. Be3 Nh6
8. h3 Nf7 9. Qe2 O-O 10. Rd1 Kh8 11. Nc3 f5 12. Bxf7 Rxf7 13. Bg5 Qf8 14. dxe5
Nxe5 15. Nxe5 Bxe5 16. f4 Bxc3 17. bxc3 h6 18. Bh4 fxe4 19. Qxe4 Bf5 20. Qd4+
Qg7 21. Qd5 Raf8 22. Bf2 Kh7 23. Bd4 Qg8 24. Re1 Rd7 25. Qf3 c5 26. g4 Bxc2 27.
f5 d5 28. f6 Be4 29. Rxe4 dxe4 30. Qxe4 1-0

[Event "Eastpointe (US Am N/4/20)"]
[Site "?"]
[Date "1994.??.??"]
[Round "?"]
[White "LaForge, Tom"]
[Black "Walker, Anthony"]
[Result "1-0"]
[WhiteElo "1980"]
[BlackElo "1605"]
[PlyCount "121"]
[EventDate "1994.??.??"]

{4/(20)} 1. e4 e6 2. d4 d5 3. Nd2 Nf6 4. e5 Nfd7 5. f4 c5 6. c3 Qb6 7. Ngf3 Nc6
8. Nb3 Be7 9. Be2 O-O 10. O-O f6 11. Kh1 Qc7 12. Be3 b6 13. Rc1 c4 14. Nbd2 Bb7
15. Qc2 b5 16. Rf2 Rf7 17. exf6 Bxf6 18. Ng5 Bxg5 19. fxg5 Rxf2 20. Bxf2 g6 21.
Bg4 Re8 22. Bg3 Qd8 23. Nf3 Bc8 24. Qd2 Qe7 25. Re1 Qf7 26. Kg1 a5 27. a3 Nb6
28. Rf1 Qe7 29. Be5 b4 30. Bf6 Qd6 31. axb4 axb4 32. Ra1 Nd7 33. Rf1 Rf8 34.
cxb4 Nxf6 35. gxf6 Rxf6 36. b5 Nb4 37. Ne5 Rxf1+ 38. Kxf1 Nd3 39. Nxd3 cxd3 40.
g3 Qf8+ 41. Kg2 h5 42. Bh3 e5 43. Bxc8 Qxc8 44. Qxd3 e4 45. Qc3 Qe8 46. Qc6 Kf8
47. Qxd5 e3 48. Qd6+ Kf7 49. Qf4+ Kg7 50. Qe5+ Kf7 51. Qxe8+ Kxe8 52. Kf3 e2
53. Kxe2 Kd7 54. h4 Kc7 55. Ke3 Kb6 56. Kf4 Kxb5 57. d5 Kb6 58. Ke5 Kc7 59. Ke6
Kd8 60. Kd6 Ke8 61. Kc7 1-0